01491nam a22001817a 4500008004100000020001800041020001500059050001400074100002100088245006300109250001200172260004100184300003000225500005000255505097300305650001401278700001701292180207b xxu||||| |||| 00| 0 eng d a9780721650326 a0721650325 aRB111.R62 aCotran, Ramzi S. aRobbins Pathologic basis of disease. /cRamzi Cotran t al. a5th ed. aPhiladelphia:bW.B. Saunders,c1994. axiv, 1400p.:bill.;c28cm aIncludes bibliographical reference and index. aContents: General pathology: Cellular responses to stress and toxic insults: Adaptation, injury, and death -- Acute and chronic inflammation -- Tissue renewal, repair, and regeneration -- Hemodynamic disorders, thromboembolic disease, and shock -- Genetic disorders -- Diseases of the immune system -- Neoplasia -- Infectious diseases -- Environmental and nutritional diseases -- Diseases of infancy and childhood -- Systematic Pathology: Diseases of organ systems: Blood vessels -- The heart -- Diseases of white blood cells, lymph nodes, spleen, and thymus -- Red blood cell and bleeding disorders -- The lung -- Head and neck -- The gastrointestinal tract -- Liver and biliary tract -- The pancreas -- The kidney -- The lower urinary tract and male genital system -- The female genital tract -- The breast -- The endocrine system -- The skin -- Bones, joints, and soft tissue tumors -- Peripheral nerve and skeletal muscle -- The central nervous system -- The eye. 2Pathology aKumar, Vinay